Twenty Øne Piløts - Name the nine Bishops of Dema - Statistics

General Stats
  • This quiz has been taken 90 times
  • The average score is 4 of 9
Answer Stats
Song Bishop % Correct
Stressed Out Nico
81%
Heavydirtysoul Keons
67%
Tear in my Heart Sacarver
57%
Fairly Local Andre
37%
Polarize Lisden
33%
Ride Listo
30%
Goner Nills
22%
Doubt Reisdro
19%
Lane Boy Vetomo
19%
No matching quizzes found
Score Distribution
Percent of People with Each Score
Percentile by Number Answered
Your Score History
You have not taken this quiz